00480nam a2200157Ia 450000500170000000800410001708200130005824500320007126000360010330000130013950000340015270000220018694200060020895200950021499900130030920250514011057.0240331s9999 xx 000 0 und d a200bSRI 0aSri Lankawe aagamika bawaya aColombobMergaa Institutec1985 a310 p ., aA Book on Sri Lankan Religion aCater, J.R. eedt cL 001040708LaWERCLbWERCLcSSCd2024-03-31l0o 200 SRIp900r2024-03-31w2024-03-31yL c786d786